Normal view
MARC view
- البلاد العربية - تاريخ - الثورة العربية الكبرى - 1916-1925
Entry Topical Term
001 - CONTROL NUMBER
- control field: 52858
003 - CONTROL NUMBER IDENTIFIER
- control field: JO-AjAnu
005 - DATE AND TIME OF LATEST TRANSACTION
- control field: 20230606082703.0
008 - FIXED-LENGTH DATA ELEMENTS
- fixed length control field: 230606|| aca||aabn | a|a d
040 ## - CATALOGING SOURCE
- Original cataloging agency: JO-AjAnu
- Transcribing agency: JO-AjAnu
150 ## - HEADING--TOPICAL TERM
- Topical term or geographic name entry element: البلاد العربية - تاريخ - الثورة العربية الكبرى - 1916-1925
670 ## - SOURCE DATA FOUND
- Source citation: Work cat.: (JO-AjAnu)27007: قلعجي، قدري, author 52857, الثورة العربية الكبرى 1916-1925: جيل الفداء يوما بيوم مع كامل الأسماء والوثائق والأدوار